000 00657nam a2200217Ia 4500
005 20241129105854.0
008 241129s9999||||xx |||||||||||||| ||und||
020 _a978-1-5381-3048-3
037 _aTB
040 _aARTS
_beng
_cARTS
041 _aeng
_2eng
084 _a2 R0 (2D)
_qARTS
100 _aSpina Carli Au.; Lane Helen Au.
_9726549
245 0 _aE-textiles in libraries: a practical guide for librarians
_cSpina Carli Au.; Lane Helen Au.
260 _aMaryland
_bLanham Rowman & Littlefield
_c2021
300 _axv,139p.
365 _aUKP
_b50
650 _aLibrary Science
942 _cTB
_h2 R0 (2D)
999 _c1226378
_d1226378